| 000 | 00965nam a2200205 a 4500 | ||
|---|---|---|---|
| 008 | 120416s1999 ||||||||||||||||| || u | ||
| 020 | _a8171695957 | ||
| 050 | _aHF 5549 Bha | ||
| 100 | _aBhambra, A. S | ||
| 245 | 1 | 0 | _aHuman resource management and influences on employee behaviour |
| 260 |
_aNew Delhi _bCommomwealth publishers _c1999 |
||
| 300 | _a329 pages | ||
| 350 | _a0.00 | ||
| 650 | 0 | _aMANAGEMENT | |
| 650 | _aHUMAN RESOURCES MANAGEMENT | ||
| 650 | _aEMPLOYEE BEHAVIOUR | ||
| 995 |
_aMAIN LIBRARY OPEN ACCESS _D0.00 _e44810 _FCBU-MAIN LIBRARY (Kitwe) _H3 _I67.50 _jHF 5549 Bha _M1 _UAVAILABLE _y44810 _ZMain Library Open Access Collection |
||
| 995 |
_aANNEX COLLECTION (Main Library) _D0.00 _e732434 _FCBU-MAIN LIBRARY (Kitwe) _H2 _I67.50 _jHF 5549 Bha _M3 _UAVAILABLE _y44809 _ZAnnex Low-Usage Collection |
||
| 995 |
_aMAIN LIBRARY OPEN ACCESS _D0.00 _e733588 _FCBU-MAIN LIBRARY (Kitwe) _H1 _I67.50 _jHF 5549 Bha _M2 _UAVAILABLE _y44812 _ZMain Library Open Access Collection |
||
| 999 |
_c76239 _d76239 |
||